000 00292nam a2200121 a 4500
008 101022s1989|||| d
100 1 _aKasvinov, M.K.
245 1 0 _aŽivot a pád Mikuláša Krvavého
260 _bObzor
_aBratislava
_c1989
020 _c39
041 _aslo
044 _axo
_cSK
999 _c12038
_d12038